[Event "Rhein Main op-A 21st"]
[Site "Bad Homburg"]
[Date "2018.05.30"]
[Round "1"]
[White "Neuhoff, Ulrich"]
[Black "Korolev, Alexandr"]
[Result "0-1"]
[WhiteElo "1838"]
[BlackElo "2094"]
[PlyCount "54"]
[EventDate "2018.05.30"]
[EventType "swiss"]
[EventRounds "7"]
[EventCountry "GER"]
[SourceTitle "EXT 2019"]
[Source "ChessBase"]
[SourceDate "2018.10.10"]
[SourceVersion "1"]
[SourceVersionDate "2018.10.10"]
[SourceQuality "1"]

1. c4 e5 2. g3 Nf6 3. Bg2 Nc6 4. Nc3 Bb4 5. Nd5 Bc5 6. a3 a5 7. Rb1 0-0 8. e3 d6 9. Ne2 Nxd5 10. cxd5 Ne7 11. 0-0 Bf5 12. e4 Bg6 13. d4 exd4 14. Nxd4 Nxd5 15. Nf5 Ne7 16. Bg5 f6 17. Nxe7+ Qxe7 18. Bf4 Kh8 19. b4 axb4 20. axb4 Bb6 21. Qd5 Ra7 22. Rbc1 Bf7 23. Qb5 Rfa8 24. Rcd1 Qe8 25. Qxe8+ Bxe8 26. g4 Ra2 27. g5 Bb5 0-1

[Event "Wiesbaden op 28th"]
[Site "Wiesbaden"]
[Date "2016.08.28"]
[Round "6"]
[White "Neuhoff, Ulrich"]
[Black "Berberich, Christoph"]
[Result "0-1"]
[WhiteElo "1776"]
[BlackElo "2026"]
[PlyCount "42"]
[EventDate "2016.08.25"]
[EventType "swiss"]
[EventRounds "7"]
[EventCountry "GER"]
[SourceTitle "CBM 174 Extra"]
[Source "ChessBase"]
[SourceDate "2016.10.10"]
[SourceVersion "1"]
[SourceVersionDate "2016.10.10"]
[SourceQuality "1"]

1. Nf3 Nf6 2. c4 c5 3. g3 g6 4. Bg2 Bg7 5. 0-0 0-0 6. Nc3 d5 7. cxd5 Nxd5 8. Nxd5 Qxd5 9. Qc2 Nc6 10. a3 Qd6 11. d3 Bg4 12. Bf4 e5 13. Be3 b6 14. h3 Bf5 15. Nh4 Be6 16. b4 Rac8 17. bxc5 Nd4 18. Bxd4 exd4 19. Qa4 Rxc5 20. Qxa7 Ra5 21. Qb7 g5 0-1

[Event "Wiesbaden op 28th"]
[Site "Wiesbaden"]
[Date "2016.08.26"]
[Round "2"]
[White "Rolf, Marco"]
[Black "Neuhoff, Ulrich"]
[Result "1/2-1/2"]
[WhiteElo "2058"]
[BlackElo "1776"]
[PlyCount "117"]
[EventDate "2016.08.25"]
[EventType "swiss"]
[EventRounds "7"]
[EventCountry "GER"]
[SourceTitle "CBM 174 Extra"]
[Source "ChessBase"]
[SourceDate "2016.10.10"]
[SourceVersion "1"]
[SourceVersionDate "2016.10.10"]
[SourceQuality "1"]

1. d4 Nf6 2. c4 c5 3. d5 b5 4. cxb5 a6 5. b6 g6 6. Nc3 Qxb6 7. e4 d6 8. Be2 Bg7 9. Nf3 0-0 10. Nd2 Nbd7 11. 0-0 Ne8 12. Nc4 Qa7 13. Bg5 Ne5 14. Ne3 h6 15. Bh4 Rb8 16. Qd2 f5 17. f4 Ng4 18. Bxg4 fxg4 19. Kh1 Bd4 20. Nc4 Qc7 21. Rae1 Rb4 22. b3 Bf6 23. Bf2 Bg7 24. e5 Bf5 25. Bh4 dxe5 26. fxe5 g5 27. Bf2 Rxc4 28. bxc4 Bxe5 29. g3 Bf6 30. Na4 Nd6 31. Nxc5 Nxc4 32. Qb4 Ne5 33. Qb3 Kh7 34. Nxa6 Qd6 35. Bc5 Qxa6 36. Rxf5 Nf3 37. Qb1 Kg7 38. Re3 Rb8 39. Qd1 Rb2 40. Rexf3 gxf3 41. Qxf3 Qxa2 42. Bf2 Qa6 43. Kg2 Kg6 44. h4 Qc8 45. h5+ Kg7 46. Qe4 Qc2 47. Qe6 Qe2 48. Qxe2 Rxe2 49. Kf3 Re5 50. Rxe5 Bxe5 51. Ke4 Bd6 52. Kf5 Kf7 53. g4 Bb4 54. Bd4 Bd6 55. Bc3 Bc5 56. Be5 Ba3 57. Bc3 Bd6 58. Bd2 Bc5 59. Bc3 1/2-1/2

[Event "Rhein Main op-A 19th"]
[Site "Bad Homburg"]
[Date "2016.05.29"]
[Round "7"]
[White "Meffert, Peter"]
[Black "Neuhoff, Ulrich"]
[Result "1/2-1/2"]
[WhiteElo "1905"]
[BlackElo "1792"]
[PlyCount "40"]
[EventDate "2016.05.25"]
[EventType "swiss"]
[EventRounds "7"]
[EventCountry "GER"]
[SourceTitle "EXT 2017"]
[Source "ChessBase"]
[SourceDate "2016.10.25"]
[SourceVersion "1"]
[SourceVersionDate "2016.10.25"]
[SourceQuality "1"]

1. d4 Nf6 2. Nf3 c5 3. d5 d6 4. c4 b5 5. cxb5 a6 6. bxa6 g6 7. Nc3 Bxa6 8. e4 Bxf1 9. Kxf1 Bg7 10. g3 0-0 11. Kg2 Nbd7 12. h3 Qa5 13. Re1 Ne8 14. Bg5 Bxc3 15. bxc3 f6 16. Bd2 Ne5 17. Nxe5 fxe5 18. Qg4 Ra7 19. Bh6 Ng7 20. c4 Qc3 1/2-1/2

[Event "Rhein Main op-B 16th"]
[Site "Bad Homburg"]
[Date "2013.05.30"]
[Round "3"]
[White "Neuhoff, Ulrich"]
[Black "Groetzinger, Waldemar"]
[Result "0-1"]
[WhiteElo "1795"]
[BlackElo "1697"]
[PlyCount "56"]
[EventDate "2013.05.29"]
[EventType "swiss"]
[EventRounds "7"]
[EventCountry "GER"]
[SourceTitle "EXT 2014"]
[Source "ChessBase"]
[SourceDate "2013.11.20"]
[SourceVersion "1"]
[SourceVersionDate "2013.11.20"]
[SourceQuality "1"]

1. c4 b6 2. Nc3 Bb7 3. e4 e6 4. a3 Nf6 5. d3 d5 6. e5 Nfd7 7. Bf4 d4 8. Nce2 c5 9. Qd2 Nc6 10. Nf3 g6 11. Bg5 Qc7 12. Bf6 Nxf6 13. exf6 Ne5 14. Nxe5 Qxe5 15. Qc2 Bc6 16. h4 Qxf6 17. Rh3 Bd6 18. Qd2 h6 19. f4 0-0-0 20. b4 Qe7 21. bxc5 Bxc5 22. Kf2 a5 23. Ng1 Bxa3 24. Rb1 Bb4 25. Qe2 g5 26. hxg5 hxg5 27. Rxh8 Rxh8 28. Qe5 f6 0-1

[Event "Rhein Main op-B 15th"]
[Site "Bad Homburg"]
[Date "2012.06.09"]
[Round "6"]
[White "Korchounov, Andrei"]
[Black "Neuhoff, Ulrich"]
[Result "1-0"]
[WhiteElo "1768"]
[BlackElo "1799"]
[PlyCount "57"]
[EventDate "2012.06.06"]
[EventType "swiss"]
[EventRounds "7"]
[EventCountry "GER"]
[SourceTitle "EXT 2013"]
[Source "ChessBase"]
[SourceDate "2012.11.22"]
[SourceVersion "1"]
[SourceVersionDate "2012.11.22"]
[SourceQuality "1"]

1. c4 b6 2. Nc3 Bb7 3. e4 d6 4. g3 Nf6 5. Bg2 e6 6. Nge2 Be7 7. 0-0 0-0 8. d4 Nbd7 9. d5 c6 10. Nf4 cxd5 11. exd5 e5 12. Nh5 Nxh5 13. Qxh5 Nf6 14. Qe2 Nd7 15. g4 f5 16. gxf5 Rxf5 17. Bh3 Rf8 18. Be6+ Kh8 19. Ne4 Nc5 20. Nxc5 bxc5 21. f4 exf4 22. Bxf4 Bf6 23. Rae1 Bd4+ 24. Kh1 Bc8 25. Bg5 Bf6 26. Bxf6 gxf6 27. Qe4 Rb8 28. Rf3 Rxb2 29. Qxh7+ 1-0

[Event "Rhein Main op-B 15th"]
[Site "Bad Homburg"]
[Date "2012.06.08"]
[Round "4"]
[White "Puzzo, Peter"]
[Black "Neuhoff, Ulrich"]
[Result "0-1"]
[WhiteElo "1650"]
[BlackElo "1799"]
[PlyCount "72"]
[EventDate "2012.06.06"]
[EventType "swiss"]
[EventRounds "7"]
[EventCountry "GER"]
[SourceTitle "EXT 2013"]
[Source "ChessBase"]
[SourceDate "2012.11.22"]
[SourceVersion "1"]
[SourceVersionDate "2012.11.22"]
[SourceQuality "1"]

1. d4 Nf6 2. c4 e6 3. Nf3 b6 4. a3 Be7 5. e3 Bb7 6. Bd3 0-0 7. 0-0 d6 8. Nc3 Nbd7 9. Qe2 c5 10. b3 cxd4 11. exd4 d5 12. Bb2 a6 13. Rfd1 Qc7 14. Rac1 Qd6 15. Ne5 Kh8 16. Qe3 dxc4 17. bxc4 Rad8 18. Ne2 Nxe5 19. dxe5 Qc6 20. Qh3 Ne4 21. Nc3 Ng5 22. Qg3 h6 23. h4 Nh7 24. Ne4 Rxd3 25. Qxd3 Qxe4 26. Qxe4 Bxe4 27. Rd7 Bxh4 28. Rd4 Bg5 29. Rcd1 Bc2 30. Re1 Be7 31. Re2 Ba4 32. Red2 Bc6 33. R2d3 Ng5 34. Rb3 Bc5 35. Rg4 Rd8 36. Kf1 Ne4 0-1

[Event "Rhein Main op-B 15th"]
[Site "Bad Homburg"]
[Date "2012.06.07"]
[Round "2"]
[White "Schroeder, Oliver"]
[Black "Neuhoff, Ulrich"]
[Result "1-0"]
[WhiteElo "1433"]
[BlackElo "1799"]
[PlyCount "127"]
[EventDate "2012.06.06"]
[EventType "swiss"]
[EventRounds "7"]
[EventCountry "GER"]
[SourceTitle "EXT 2013"]
[Source "ChessBase"]
[SourceDate "2012.11.22"]
[SourceVersion "1"]
[SourceVersionDate "2012.11.22"]
[SourceQuality "1"]

1. e4 e6 2. d4 d5 3. e5 c5 4. c3 Nc6 5. Nf3 cxd4 6. cxd4 Qb6 7. Nc3 Bd7 8. Rb1 Bb4 9. Qd3 Nge7 10. a3 Bxc3+ 11. bxc3 Qc7 12. c4 dxc4 13. Qxc4 0-0 14. Bd3 Rac8 15. 0-0 b6 16. Bb2 Na5 17. Qxc7 Rxc7 18. Rfc1 Rfc8 19. Ba6 Rxc1+ 20. Rxc1 Rxc1+ 21. Bxc1 Bc6 22. Nd2 Bd5 23. Bb2 Nf5 24. Bb5 Nh4 25. f3 Nf5 26. Bc3 Nb7 27. Bd3 Ne7 28. Ne4 a5 29. Ng5 h6 30. Ne4 Bc6 31. Nd2 f5 32. exf6 gxf6 33. Nc4 b5 34. Nxa5 Nxa5 35. Bxa5 f5 36. Kf2 Nd5 37. Bc2 Kf7 38. Bd2 Kg6 39. h3 h5 40. g4 hxg4 41. hxg4 Kf6 42. g5+ Kf7 43. f4 Kg6 44. Kg3 Nb6 45. Bb3 Nd5 46. Bb4 Nxb4 47. axb4 Kf7 48. Kh4 Bf3 49. Bc2 Kg6 50. Bd3 Bc6 51. Be2 Bd7 52. Bf3 Kg7 53. d5 exd5 54. Bxd5 Kg6 55. Bf3 Be6 56. Bc6 Bc4 57. Be8+ Kg7 58. Kg3 Kf8 59. Bd7 Bd3 60. Kf3 Ke7 61. Bc8 Kd8 62. Ke3 Be4 63. Ba6 Bc6 64. Kd4 1-0

[Event "Karl Mala Memorial op 14th"]
[Site "Frankfurt"]
[Date "2011.07.10"]
[Round "7"]
[White "Bender, Manfred"]
[Black "Neuhoff, Ulrich"]
[Result "0-1"]
[WhiteElo "1821"]
[BlackElo "1546"]
[PlyCount "124"]
[EventDate "2011.07.07"]
[EventType "swiss"]
[EventRounds "7"]
[EventCountry "GER"]
[SourceTitle "EXT 2012"]
[Source "ChessBase"]
[SourceDate "2011.11.24"]
[SourceVersion "1"]
[SourceVersionDate "2011.11.24"]
[SourceQuality "1"]

1. d4 Nf6 2. c4 e6 3. Nc3 Bb4 4. Bd2 c5 5. e3 cxd4 6. exd4 0-0 7. a3 Be7 8. Nf3 d5 9. cxd5 Nxd5 10. Bc4 Nf6 11. 0-0 b6 12. Bf4 Ba6 13. Bxa6 Nxa6 14. Qe2 Nc7 15. Bxc7 Qxc7 16. Rac1 Qb7 17. Rfd1 Rac8 18. Qe1 a6 19. Rd3 Rfd8 20. Rcd1 Nd5 21. Nxd5 Rxd5 22. Qe4 Rcd8 23. g3 Bf6 24. h4 h6 25. Rc1 Qd7 26. Rdc3 Bxd4 27. Rc7 Qb5 28. Nxd4 Rxd4 29. Qb1 Qe2 30. Rc8 g6 31. Rxd8+ Rxd8 32. Re1 Qf3 33. Qc2 a5 34. Rc1 Rd5 35. Re1 g5 36. hxg5 hxg5 37. Qe4 Qxe4 38. Rxe4 Kg7 39. b4 a4 40. b5 Rxb5 41. Rxa4 Rb1+ 42. Kg2 b5 43. Ra5 f5 44. a4 bxa4 45. Rxa4 g4 46. Ra2 Rb3 47. Re2 Kf6 48. Rd2 Rb4 49. Re2 Re4 50. Rxe4 fxe4 51. Kf1 Ke5 52. Ke2 Kd4 53. Kd2 e3+ 54. fxe3+ Ke4 55. Ke2 e5 56. Kf2 Kd3 57. e4 Kxe4 58. Ke2 Kd4 59. Kd2 e4 60. Ke2 e3 61. Kd1 Kd3 62. Ke1 e2 0-1

[Event "Karl Mala Memorial op 14th"]
[Site "Frankfurt"]
[Date "2011.07.09"]
[Round "4"]
[White "Neuhoff, Ulrich"]
[Black "Fichtl, Andreas"]
[Result "1-0"]
[WhiteElo "1546"]
[BlackElo "1809"]
[PlyCount "99"]
[EventDate "2011.07.07"]
[EventType "swiss"]
[EventRounds "7"]
[EventCountry "GER"]
[SourceTitle "EXT 2012"]
[Source "ChessBase"]
[SourceDate "2011.11.24"]
[SourceVersion "1"]
[SourceVersionDate "2011.11.24"]
[SourceQuality "1"]

1. c4 c5 2. g3 Nc6 3. Bg2 Nf6 4. Nc3 e6 5. e4 Be7 6. Nge2 d6 7. 0-0 0-0 8. d3 Bd7 9. h3 Rb8 10. Be3 a6 11. b3 e5 12. f4 exf4 13. Nxf4 h6 14. Qd2 Nh7 15. Ncd5 Bg5 16. Rae1 Ne5 17. d4 cxd4 18. Qxd4 Ng6 19. Nxg6 Bxe3+ 20. Rxe3 fxg6 21. Rxf8+ Nxf8 22. Nf4 g5 23. Ne2 b5 24. Qxd6 bxc4 25. bxc4 Qc8 26. Kh2 Rb2 27. Qa3 Rc2 28. Qd3 Rxa2 29. e5 Kh8 30. Qb3 Rd2 31. Qc3 Ra2 32. Nc1 Ra4 33. c5 Ne6 34. c6 Be8 35. Bd5 Nc7 36. Bb3 Ra3 37. Qc4 Bg6 38. e6 Qf8 39. Kg2 Qe7 40. Nd3 Bxd3 41. Rxd3 Nxe6 42. Re3 Rxb3 43. Rxb3 Qd6 44. Rd3 Qe5 45. Rd2 Qa5 46. Re2 Nc7 47. Rf2 Nd5 48. Rf8+ Kh7 49. Qe4+ g6 50. Rf7+ 1-0

[Event "Rhein Main op-B 14th"]
[Site "Bad Homburg"]
[Date "2011.06.26"]
[Round "7"]
[White "Neuhoff, Ulrich"]
[Black "Rolf, Marco"]
[Result "1-0"]
[WhiteElo "1546"]
[BlackElo "1624"]
[PlyCount "65"]
[EventDate "2011.06.22"]
[EventType "swiss"]
[EventRounds "7"]
[EventCountry "GER"]
[SourceTitle "EXT 2012"]
[Source "ChessBase"]
[SourceDate "2011.11.24"]
[SourceVersion "1"]
[SourceVersionDate "2011.11.24"]
[SourceQuality "1"]

1. c4 Nf6 2. Nf3 e6 3. e3 c6 4. Be2 d5 5. b3 Nbd7 6. Bb2 Bd6 7. 0-0 0-0 8. d3 b6 9. Nbd2 Bb7 10. Qc2 Rc8 11. Rad1 e5 12. Qb1 Re8 13. e4 d4 14. g3 Nf8 15. Nh4 Re6 16. Nf5 g6 17. Nxd6 Qxd6 18. f4 exf4 19. Rxf4 N8d7 20. Rdf1 Ne5 21. Nf3 Nxf3+ 22. Bxf3 Rc7 23. Bg2 Nh5 24. R4f2 Ng7 25. Bc1 Qd8 26. Bh3 f5 27. exf5 gxf5 28. Bxf5 Nxf5 29. Rxf5 Kg7 30. Bg5 Qe8 31. Bf6+ Rxf6 32. Rxf6 c5 33. Qc1 1-0